Sports Quiz

Random Sports Quiz

Phillies Starters Since 00' Quiz Stats

 Plays Quiz not verified by Sporcle

Also try: NCAA Team Names
Challenge
Share
Tweet
Embed
Score 0/55 Timer 08:00
0 Plays Today
Starts Pitcher % Correct
137Cole Hamels
97.5%
110Jamie Moyer
96.7%
22Roy Halladay
92.5%
183Brett Myers
85.8%
44Joe Blanton
81.7%
12Cliff Lee
80%
1Roy Oswalt
76.7%
169Randy Wolf
68.3%
16Curt Schilling
68.3%
28J.A. Happ
67.5%
52Kyle Kendrick
65%
111Vicente Padilla
58.3%
60Kevin Millwood
56.7%
9Pedro Martinez
56.7%
77Robert Person
53.3%
74Jon Lieber
52.5%
18Ryan Madson
49.2%
44Omar Daal
43.3%
11Kyle Lohse
38.3%
49Adam Eaton
38.3%
10J.D. Durbin
36.7%
62Corey Lidle
35.8%
34Eric Milton
33.3%
11Freddy Garcia
33.3%
16Andy Ashby
30.8%
13Nelson Figueroa
30.8%
19Gavin Floyd
30%
58Brandon Duckworth
29.2%
Starts Pitcher % Correct
5Antonio Bastardo
25%
7Chan Ho Park
24.2%
1Drew Carpenter
22.5%
5Rodrigo Lopez
21.7%
31Bruce Chen
18.3%
8Scott Mathieson
16.7%
14Joe Roa
15.8%
16Paul Byrd
15.8%
24Amaury Telemaco
15%
19Terry Adams
12.5%
29David Coggin
12.5%
10Paul Abbott
11.7%
7Eude Brito
10.8%
13Robinson Tejada
10%
1Aaron Fultz
8.3%
1Carlos Silva
7.5%
8Kent Bottenfield
5.8%
8Cliff Politte
5.8%
1Adam Bernero
5%
1Zack Segovia
5%
2Brian Powell
4.2%
1John Ennis
4.2%
1Eric Junge
4.2%
5Chris Brock
3.3%
2Josh Hancock
3.3%
1Fabio Castro
3.3%
3Hector Mercado
0.8%

You're not logged in!

Compare scores with friends on all Sporcle quizzes.
OR
Log In

You Might Also Like...

Show Comments

Extras

Top Quizzes Today


Score Distribution

Your Account Isn't Verified!

In order to create a playlist on Sporcle, you need to verify the email address you used during registration. Go to your Sporcle Settings to finish the process.

Report this User

Report this user for behavior that violates our Community Guidelines.

Details: